Tratado de fisiología médica (Registro nro. 6885)

Detalles MARC
000 -CABECERA
Longitud fija campo de control 00634cam a2200229 c 4500
001 - NÚMERO DE CONTROL
Número de control a5071588
003 - IDENTIFICADOR DELl NÚMERO DE CONTROL
Identificador del número de control OSt
005 - FECHA Y HORA DE LA ÚLTIMA TRANSACCIÓN
Fecha y hora de la última transacción 20140211090639.0
008 - CÓDIGOS DE INFORMACIÓN DE LONGITUD FIJA
Códigos de información de longitud fija 110620s2009 esp spa
020 ## - NÚMERO INTERNACIONAL NORMALIZADO PARA LIBROS
Número Internacional Normalizado para Libros (ISBN) 978-84-8174-926-7
040 ## - FUENTE DE LA CATALOGACIÓN
Centro catalogador de origen SpMaBN
Centro transcriptor BMC
082 ## - NÚMERO DE LA CLASIFICACIÓN DECIMAL DEWEY
Númeroo de clasificación 612
100 1# - PUNTO DE ACCESO PRINCIPAL-NOMBRE DE PERSONA
Nombre de persona Guyton, Arthur C.
9 (RLIN) 578
245 10 - MENCIÓN DE TÍTULO
Título Tratado de fisiología médica
Mención de responsabilidad, etc. Arthur C. Guyton, John E. Hall
250 ## - MENCIÓN DE EDICIÓN
Mención de edición 11ª ed
260 ## - PUBLICACIÓN, DISTRIBUCIÓN, ETC. (PIE DE IMPRENTA)
Lugar de publicación, distribución, etc. Madrid [etc.]
Nombre del editor, distribuidor, etc. Elsevier
Fecha de publicación, distribución, etc. 2009
300 ## - DESCRIPCIÓN FÍSICA
Extensión XXXV, 1115 p.
Otras características físicas il. col., gráf.
Dimensiones 28 cm
500 ## - NOTA GENERAL
Nota general Índice p. 1067-1115
650 24 - PUNTO DE ACCESO ADICIONAL DE MATERIA - TÉRMINO DE MATERIA
9 (RLIN) 580
Término de materia o nombre geográfico como elemento inicial Fisiología humana
700 1# - PUNTO DE ACCESO ADICIONAL - NOMBRE DE PERSONA
Nombre de persona Hall, John E.
9 (RLIN) 579
942 ## - ENTRADA DE ELEMENTOS AGREGADOS (KOHA)
Fuente de clasificaión o esquema Dewey Decimal Classification
Koha [por defecto] tipo de item 1- Monografias
Existencias
Suprimido Perdido Fuente de clasificación o esquema Estropeado Restricciones de uso No para préstamo Código de colección Localización permanente Localización actual Localización en estanter&íacute;as Fecha adquisición Fuente de adquisición Número de inventario Préstamos totales Renovaciones totales Signatura completa Código de barras Fecha última consulta Fecha último préstamo Coste, precio reemplazado Fecha del precio de reemplazo Tipo de item de Koha
NULL NULL Dewey Decimal Classification NULL Préstamo en Sala NULL NULL Biblioteca Centro Regional de Ilobasco Biblioteca Centro Regional de Ilobasco Sala Principal 30/06/2011 UNICAES LI001826 1   612 GUY tra 1038375 21/08/2019 21/08/2019   26/09/2016 1- Monografias
NULL NULL Dewey Decimal Classification NULL Préstamo en Sala NULL NULL Biblioteca Centro Regional de Ilobasco Biblioteca Centro Regional de Ilobasco Sala Principal 30/06/2011 UNICAES LI001827 5   612 GUY tra 1038376 06/09/2025 04/09/2025   26/09/2016 1- Monografias
NULL NULL Dewey Decimal Classification NULL Préstamo en Sala NULL NULL Biblioteca Centro Regional de Ilobasco Biblioteca Centro Regional de Ilobasco Sala Principal 30/06/2011 UNICAES LI001828 3   612 GUY tra 1038377 19/06/2025 19/06/2025   26/09/2016 1- Monografias
NULL NULL Dewey Decimal Classification NULL Prestable NULL NULL Biblioteca Miguel de Cervantes - UNICAES Biblioteca Miguel de Cervantes - UNICAES Sala Principal 29/03/2011 Donación - Facultad de Ciencias y Humanidades 011029 3 1 612 GUY tra 1011029 12/07/2018 10/07/2018 65.00 11/02/2014 1- Monografias
NULL NULL Dewey Decimal Classification NULL Prestable NULL NULL Biblioteca Miguel de Cervantes - UNICAES Biblioteca Miguel de Cervantes - UNICAES Sala Principal 16/10/2009 Donación - Facultad de Ciencias y Humanidades 011030 4 1 612 GUY tra 1011030 18/07/2016 15/07/2016 65.00 11/02/2014 1- Monografias
NULL NULL Dewey Decimal Classification NULL Prestable NULL NULL Biblioteca Miguel de Cervantes - UNICAES Biblioteca Miguel de Cervantes - UNICAES Sala Principal 11/02/2014 Donación - Facultad de Ciencias y Humanidades 011031 7 1 612 GUY tra 1011031 22/07/2016 22/07/2016 65.00 11/02/2014 1- Monografias
NULL NULL Dewey Decimal Classification NULL Prestable NULL NULL Biblioteca Miguel de Cervantes - UNICAES Biblioteca Miguel de Cervantes - UNICAES Sala Principal 11/02/2014 Donación - Facultad de Ciencias y Humanidades 011032 9   612 GUY tra 1011032 14/11/2016 12/11/2016 65.00 11/02/2014 1- Monografias
NULL NULL Dewey Decimal Classification NULL Prestable NULL NULL Biblioteca Miguel de Cervantes - UNICAES Biblioteca Miguel de Cervantes - UNICAES Sala Principal 11/02/2014 Donación - Facultad de Ciencias y Humanidades 011033 3   612 GUY tra 1011033 21/10/2024 18/10/2024 65.00 11/02/2014 1- Monografias
NULL NULL Dewey Decimal Classification NULL Prestable NULL NULL Biblioteca Miguel de Cervantes - UNICAES Biblioteca Miguel de Cervantes - UNICAES Sala Principal 11/02/2014 Donación - Facultad de Ciencias y Humanidades 011034 4 1 612 GUY tra 1011034 05/11/2024 05/11/2024 65.00 11/02/2014 1- Monografias